000 00640nam a2200217Ia 4500
003 GCL
008 140319s9999 xx 000 0 ara d
040 _aGCL /
_cGCL
082 0 4 _a816
_bم ر
100 1 _aابوالعلاء المعرى
245 1 0 _aرسالة الغفران /
_cابوالعلاء المعرى
700 1 _aمحمد عزت نصرالله
260 _a[S.N] :
_bدار المعارف
300 _a624 ص
490 _aذخائر العرب
_v0
650 0 4 _aالادب العربى
650 0 4 _aالرسائل العربية
650 0 4 _aالرسائل
650 0 4 _aالمجموعات
942 _2ddc
_cBK
999 _c58603
_d58603